Loading...
Education for a new world/
| Hovedforfatter: | |
|---|---|
| Format: | Printed Book |
| Sprog: | English |
| Udgivet: |
IMF,
2012.
|
| LEADER | 00491 a2200133 4500 | ||
|---|---|---|---|
| 008 | 210930b |||||||| |||| 00| 0 eng d | ||
| 082 | |a 370.115 | ||
| 100 | |a Montessori,Maria. | ||
| 245 | |a Education for a new world/ |c Maria Montessori | ||
| 260 | |b IMF, |c 2012. | ||
| 300 | |a 124 Pages | ||
| 942 | |c BK | ||
| 999 | |c 187332 |d 187332 | ||
| 952 | |0 0 |1 0 |2 ddc |4 0 |6 370_115000000000000_MON_E |7 0 |9 206625 |a EDU |b EDU |c GEN |d 2017-04-05 |e By purchase |g 0.00 |i 7107 |l 1 |m 1 |o 370.115 MON/E |p EDU7107 |r 2019-11-07 |s 2019-07-26 |w 2018-08-29 |y BK | ||